Central Library OPAC University of Rajshahi

Corporate governance of public enterprises in transitional economies / (Record no. 59671)

MARC details
000 -LEADER
fixed length control field 01076nam a2200289 a 4500
001 - CONTROL NUMBER
control field 59671
003 - CONTROL NUMBER IDENTIFIER
rucl marc code BD-RjUL
005 - DATE AND TIME OF LATEST TRANSACTION
control field 20211209080745.0
008 - FIXED-LENGTH DATA ELEMENTS--GENERAL INFORMATION
fixed length control field 161226s1996 dcu b i000 0 eng
020 ## - INTERNATIONAL STANDARD BOOK NUMBER
International Standard Book Number 0821336363
International Standard Book Number 02537494
035 ## - SYSTEM CONTROL NUMBER
System control number (BD-RjUL)59795
040 ## - CATALOGING SOURCE
Original cataloging agency BD-RjUL
Transcribing agency BD-RjUL
Modifying agency BD-RjUL
Language of cataloging eng
041 ## - LANGUAGE CODE
Language code of text/sound track or separate title eng
082 00 - DEWEY DECIMAL CLASSIFICATION NUMBER
Classification number 350.00920947
Edition number 23
Author mark and year COR 1996
245 00 - TITLE STATEMENT
Title Corporate governance of public enterprises in transitional economies /
Statement of responsibility, etc. edited by Dominique Pannier.
260 ## - PUBLICATION, DISTRIBUTION, ETC. (IMPRINT)
Place of publication, distribution, etc. Washington, D.C. :
Name of publisher, distributor, etc. World Bank,
Date of publication, distribution, etc. 1996.
300 ## - PHYSICAL DESCRIPTION
Pagination xiii, 147 p. ;
Size 28 cm.
504 ## - BIBLIOGRAPHY, ETC. NOTE
Bibliography, etc Includes bibliographical references (p. 145-147).
650 #0 - SUBJECT ADDED ENTRY--TOPICAL TERM
Topical term or geographic name as entry element Government business enterprises
Geographic subdivision Europe, Eastern
General subdivision Management.
9 (RLIN) 177571
Topical term or geographic name as entry element Corporate governance
Geographic subdivision Europe, Eastern.
9 (RLIN) 177572
Topical term or geographic name as entry element Government business enterprises
General subdivision Management
-- Case studies.
9 (RLIN) 177573
700 1# - ADDED ENTRY--PERSONAL NAME
Personal name Pannier, Dominique,
Dates associated with a name 1954-
830 ## - SERIES ADDED ENTRY--UNIFORM TITLE
Uniform title World Bank technical paper,
Volume number/sequential designation no. 323
942 ## - ADDED ENTRY ELEMENTS (KOHA)
Source of classification or shelving scheme Dewey Decimal Classification
Koha item type Books
Holdings
Lost status Source of classification or shelving scheme Damaged status Not for loan Collection code Permanent Location Current Location Shelving location Date acquired Source of acquisition Cost, normal purchase price Total Checkouts Full call number Date last seen Copy number Koha item type
  Dewey Decimal Classification   Not For Loan Non-fiction Central Library, University of Rajshahi Central Library, University of Rajshahi Reading Room 18/08/1996 MIDA, Dhaka 270.00   350.00920947 COR 1996 26/12/2016 C-1 Books